La percepción de los cuentapropistas sobre el régimen de monotributo (Registro nro. 34815)

Detalles MARC
000 -LEADER
fixed length control field 00371 a2200121 4500
001 - CONTROL NUMBER
control field ART_45459
005 - DATE AND TIME OF LATEST TRANSACTION
control field 20260410162040.0
008 - FIXED-LENGTH DATA ELEMENTS--GENERAL INFORMATION
fixed length control field 260409a
100 1# - MAIN ENTRY--PERSONAL NAME
Personal name Fano, Diego G.
245 10 - TITLE STATEMENT
Title La percepción de los cuentapropistas sobre el régimen de monotributo
700 1# - ADDED ENTRY--PERSONAL NAME
Personal name Di Giorgio, Saverio
773 0# - HOST ITEM ENTRY
Title Impuestos
Related parts - Nº 21 (feb. 2018)
Record control number REV45175

No hay ítems disponibles.